| 000 | 03439cam a2200793 4500 | ||
|---|---|---|---|
| 001 | D6034 | ||
| 008 | 090401t1985 xxu||||| |||| 00| 0 eng d | ||
| 035 | _a(Sirsi) u82738 | ||
| 041 | _aeng | ||
| 050 |
_a622.1 _c18 |
||
| 110 |
_aInternational Society for Mine Surveying _92620 |
||
| 245 | 4 | _aThe developing science and art of minerals surveying: proceedings [of the] VIth International Congress, International Society for Mine Surveying, Harrogate, 9-13 September 1985. | |
| 260 |
_aRotterdam _bA A Balkema _c1985 |
||
| 300 |
_a2 _fv. _bill. _c24cm |
||
| 350 | _a0 | ||
| 505 | _aThre development of mine surveying Czechoslovakia | ||
| 505 | _aImprovement of mine surveying services in the USSR coal industry | ||
| 505 | _aExecution of mining surveying operations in Ukrainian coal mines | ||
| 505 | _aAbout the new treatment of mine surveying tasks in mine construction | ||
| 505 | _aIdeas about the introduction of a uiniform international system of information | ||
| 505 | _aThe role of integrated geodetic/photogrammetric compleses in establishing information systems for mining | ||
| 505 | _aComputers and the UK minerals surveyor | ||
| 505 | _aDesign of a geometry system to handle 3D mining information | ||
| 505 | _aincreasing efficiency of mining surveying operations on the basis of automation of measurements and data gathering | ||
| 505 | _aThe application of the computers to the surveying branch of the National Coal Board, western area | ||
| 505 | _aEvaluation of trends in mine surveying research work in Bulgaria | ||
| 505 | _aThe increasing importance of mine surveying services in rational utilisation and protection of mineral deposits in the USSR | ||
| 505 | _aMine surveying services in mined chemical raw materials works | ||
| 505 | _aUnited States mineral surveys | ||
| 505 | _aThe role of the mining surveyor in the measurement of the value of mines and mineral deposits | ||
| 505 | _aTrends in mineral leases in the United Kingdom | ||
| 505 | _aTraining of mining engineers/surveyors in the Higher Institute of Mining and Geology, Sofia | ||
| 505 | _aThe education and training and scope of the miner surveyor | ||
| 505 | _aScience and research help in the mine surveying practice | ||
| 505 | _aSafety in deep mine surveying practice in the USA | ||
| 505 | _aFirst experiences of the new Federal Mining Act in the Federal Republic of Germany in respect of mine surveying including current problems | ||
| 505 | _aImpacts of the 1977 Surface Mining Act | ||
| 700 | _aMalir, A. | ||
| 700 | _aNavitni, A. M. | ||
| 700 | _aSoschenko, A. I. | ||
| 700 | _aValkanov, N. G. | ||
| 700 | _aNaidyenov, E. | ||
| 700 | _aScharf, H. | ||
| 700 | _aSarkozy, F. | ||
| 700 | _aBullock, K. | ||
| 700 | _aKavouras, K. | ||
| 700 | _aStvolkov, S. V. | ||
| 700 | _aEyre, J. M. | ||
| 700 | _aHristov, I. | ||
| 700 | _aHristov, S. | ||
| 700 | _aZimich, V. S. | ||
| 700 | _aMiroshnichenko, P. Z. | ||
| 700 | _aIvanovsky, E. V. | ||
| 700 | _aCampbell, H. M. | ||
| 700 | _aVincent, P. | ||
| 700 | _aJones, W. A. M. | ||
| 700 | _aSmith, T. | ||
| 700 | _aVeliev, K. | ||
| 700 | _aAspeling, J. F. | ||
| 700 | _aLindsey, Hugh Greville Aubrey | ||
| 700 | _aMucka, A. | ||
| 700 | _aOndrus, J. | ||
| 700 | _aOwensby (Junior), H. R. | ||
| 700 | _aHart, E. F. | ||
| 700 | _aKunert, K. | ||
| 700 | _aVender, C. S. | ||
| 942 | _n0 | ||
| 948 | _c04/03/1997 | ||
| 999 |
_c96823 _d96823 |
||